| 000 | 00906nam a22002535i 4500 | ||
|---|---|---|---|
| 001 | 11056 | ||
| 003 | ES-MaACL | ||
| 005 | 20240228213516.0 | ||
| 008 | 921002s1992 sp ||||0| spa | ||
| 020 | _a84-87999-03-4 | ||
| 080 | _a946.0"1517/1700" | ||
| 100 | 1 |
_aCánovas del Castillo, Antonio, _d1828-1897 _934600 |
|
| 245 | 1 | 0 |
_aBosquejo histórico de la Casa de Austria en España / _cAntonio Cánovas del Castillo ; estudio preliminar de Esperanza Yllán Calderón. |
| 250 | _a3ª ed. | ||
| 260 |
_aMálaga : _bAlgazara, _c1992. |
||
| 300 |
_aXLII, 466 p., [20] p. de lám : _bil ; _c25 cm. |
||
| 490 | 1 |
_aTiempo de España ; _v2 |
|
| 500 | _aÍndice. | ||
| 651 | 4 |
_aEspaña- _xHistoria- _y1516-1700, Casa de Austria _98228 |
|
| 700 | 1 |
_aYllán Calderón, Esperanza. _9117642 |
|
| 830 | 1 |
_aTiempo de España ; _v2 _9180892 |
|
| 852 |
_aES-MaACL _jL-18430 |
||
| 999 |
_c11056 _d11056 |
||